[Event "7eme Open de Saint-Chely d'Aubrac"]
[Site "Saint-Chely d'Aubrac (12)"]
[Date "2007.07.18"]
[Round "6.27"]
[White "Carrie, Emilien"]
[Black "Schneider, Alec"]
[Result "0-1"]
[WhiteElo "1240"]
[BlackElo "1199"]
[PlyCount "98"]
[EventDate "2007.??.??"]

1. d4 d5 2. Nc3 Nf6 3. Bf4 Bd7 4. e3 e6 5. Bd3 Bb4 6. a3 Ba5 7. Nf3 O-O 8. O-O
Nc6 9. b4 Bb6 10. Nb5 Re8 11. Re1 a6 12. Nc3 a5 13. b5 Na7 14. a4 c6 15. Rb1
Bc7 16. Ne5 cxb5 17. axb5 b6 18. Qh5 Nxh5 19. Bg3 Nxg3 20. fxg3 Bxe5 21. dxe5
Qc7 22. Na4 Rab8 23. e4 Qxe5 24. Nb2 Bxb5 25. Bxb5 Nxb5 26. Nd3 Qd4+ 27. Kh1
Nc3 28. Ra1 Nxe4 29. Rac1 Nf2+ 30. Nxf2 Qxf2 31. Rf1 Qe3 32. Rfe1 Qh6 33. h3
Kf8 34. Kh2 g5 35. Rcd1 g4 36. Rd4 gxh3 37. gxh3 Rbc8 38. Re2 Rc3 39. Rd3 Rec8
40. Kg2 Rxc2 41. Rf2 Rxf2+ 42. Kxf2 Qxh3 43. Kf3 Qf5+ 44. Ke3 Qe4+ 45. Kd2 Rc1
46. g4 Rd1+ 47. Kc3 Qxd3+ 48. Kb2 Rd2+ 49. Kc1 Qc2# 0-1

[Event "7eme Open de Saint-Chely d'Aubrac"]
[Site "Saint-Chely d'Aubrac (12)"]
[Date "2007.07.19"]
[Round "7.1"]
[White "Degraeve, Jean-Marc"]
[Black "Bonneville, Jean-Paul"]
[Result "1-0"]
[WhiteElo "2520"]
[BlackElo "2048"]
[PlyCount "49"]
[EventDate "2007.??.??"]

1. e4 e5 2. Nf3 Nf6 3. d4 Nxe4 4. Bd3 d5 5. Nxe5 Nd7 6. Nxd7 Bxd7 7. O-O Bd6 8.
Nc3 Nxc3 9. bxc3 O-O 10. Qh5 f5 11. Rb1 b6 12. Re1 c6 13. Bg5 Qc7 14. Re3 g6
15. Qh4 f4 16. Re2 f3 17. Re3 Rae8 18. Rbe1 Rxe3 19. Rxe3 fxg2 20. Bxg6 hxg6
21. Bf6 Rxf6 22. Qxf6 Bxh2+ 23. Kxg2 Bd6 24. Qxg6+ Kh8 25. Re1 1-0

[Event "7eme Open de Saint-Chely d'Aubrac"]
[Site "Saint-Chely d'Aubrac (12)"]
[Date "2007.07.19"]
[Round "7.2"]
[White "Saucey, Michel"]
[Black "Riff, Jean-Noel"]
[Result "0-1"]
[WhiteElo "2347"]
[BlackElo "2460"]
[PlyCount "68"]
[EventDate "2007.??.??"]

1. d4 Nf6 2. Nf3 e6 3. c4 Nc6 4. a3 d6 5. Nc3 g6 6. g3 Bg7 7. Bg2 O-O 8. O-O
Re8 9. e3 a5 10. Bd2 e5 11. d5 Nb8 12. e4 a4 13. Ne1 Bd7 14. Nd3 Na6 15. Bg5
Qb8 16. Bxf6 Bxf6 17. Nxa4 b5 18. cxb5 Bxb5 19. b4 Qa7 20. Nab2 Qd4 21. Qb3
Reb8 22. Rfd1 Bg5 23. Ne1 Qb6 24. Nf3 Bh6 25. Nc4 Qa7 26. Qc2 Nxb4 27. axb4
Qxa1 28. Rxa1 Rxa1+ 29. Bf1 Rc1 30. Ne1 Rxc2 31. Nxc2 Ba4 32. Bd3 Bxc2 33. Bxc2
Rxb4 34. Bd3 Rb3 0-1

[Event "7eme Open de Saint-Chely d'Aubrac"]
[Site "Saint-Chely d'Aubrac (12)"]
[Date "2007.07.19"]
[Round "7.3"]
[White "Candy, Romain"]
[Black "Lemaire, Matthieu"]
[Result "1/2-1/2"]
[WhiteElo "2060"]
[BlackElo "1934"]
[PlyCount "77"]
[EventDate "2007.??.??"]

1. Nf3 Nf6 2. g3 d5 3. Bg2 e6 4. O-O Be7 5. c4 O-O 6. Qc2 dxc4 7. Qxc4 a6 8.
Qc2 b6 9. d4 Ra7 10. Nbd2 Bb7 11. Rd1 Qc8 12. b3 c5 13. Bb2 Nbd7 14. Rac1 Qa8
15. Qb1 Ne4 16. Nxe4 Bxe4 17. Qa1 Bf6 18. dxc5 Bxb2 19. Qxb2 Nxc5 20. b4 Nd7
21. Qd4 b5 22. Ne1 Bxg2 23. Nxg2 Nf6 24. Qc5 h6 25. Ne1 Rd7 26. Rxd7 Nxd7 27.
Qd6 Nf6 28. Nd3 a5 29. Rc2 axb4 30. Qxb4 Qd5 31. Rb2 Ra8 32. Qxb5 Rxa2 33. Qxd5
Ra1+ 34. Kg2 Nxd5 35. Ne5 f6 36. Nf3 Ra7 37. Nd4 Kf7 38. Nc6 Rd7 39. Nb4
1/2-1/2

[Event "7eme Open de Saint-Chely d'Aubrac"]
[Site "Saint-Chely d'Aubrac (12)"]
[Date "2007.07.19"]
[Round "7.4"]
[White "Baeumlin, Francois"]
[Black "Deschler, Fabrice"]
[Result "1/2-1/2"]
[WhiteElo "2018"]
[BlackElo "2151"]
[PlyCount "63"]
[EventDate "2007.??.??"]

1. e4 c5 2. Nf3 Nc6 3. Bb5 g6 4. Bxc6 dxc6 5. d3 Nh6 6. Nc3 Bg7 7. h3 f6 8. Be3
b6 9. O-O e5 10. Qd2 Nf7 11. Nh2 g5 12. f3 f5 13. exf5 Bxf5 14. Ne4 h6 15. Rae1
O-O 16. Bf2 Nh8 17. Ng4 Ng6 18. Ng3 Be6 19. Nh5 c4 20. Nxg7 Bxg4 21. hxg4 Kxg7
22. Bg3 cxd3 23. Qxd3 Qxd3 24. cxd3 Kf6 25. Re4 Rfd8 26. Rfe1 Rxd3 27. Bxe5+
Nxe5 28. Rxe5 Rd6 29. Re7 Rd1 30. R7e6+ Kf7 31. Re7+ Kf8 32. Kf2 1/2-1/2

[Event "7eme Open de Saint-Chely d'Aubrac"]
[Site "Saint-Chely d'Aubrac (12)"]
[Date "2007.07.19"]
[Round "7.5"]
[White "Huin, Eric"]
[Black "Nass, Emile"]
[Result "1/2-1/2"]
[WhiteElo "1929"]
[BlackElo "2095"]
[PlyCount "58"]
[EventDate "2007.??.??"]

1. e4 e6 2. d4 d5 3. Nc3 Nf6 4. e5 Nfd7 5. f4 c5 6. Nf3 a6 7. a3 Nc6 8. dxc5
Bxc5 9. b4 Be7 10. Ne2 Qc7 11. Be3 f6 12. Ned4 Nxd4 13. Bxd4 O-O 14. Bd3 a5 15.
c3 axb4 16. axb4 fxe5 17. fxe5 Rxa1 18. Qxa1 Rxf3 19. gxf3 Bh4+ 20. Kd2 Nxe5
21. Bxe5 Qxe5 22. Kc2 Bf6 23. Qe1 Qc7 24. Qd2 Bd7 25. Ra1 Kf7 26. Kb3 g6 27.
Rc1 Qc6 28. Ra1 Qc7 29. Rc1 Qc6 1/2-1/2

[Event "7eme Open de Saint-Chely d'Aubrac"]
[Site "Saint-Chely d'Aubrac (12)"]
[Date "2007.07.19"]
[Round "7.6"]
[White "Heudre, Dominique"]
[Black "Desboeufs, Alexandre"]
[Result "0-1"]
[WhiteElo "1720"]
[BlackElo "2065"]
[PlyCount "124"]
[EventDate "2007.??.??"]

1. d4 d5 2. c4 e6 3. Nc3 Be7 4. e3 Nf6 5. Nf3 O-O 6. Bd3 Nbd7 7. Qc2 Re8 8. a3
a6 9. b4 dxc4 10. Bxc4 b5 11. Bb3 Bb7 12. Bb2 a5 13. Nxb5 c6 14. Nc3 axb4 15.
axb4 Rxa1+ 16. Bxa1 Bxb4 17. O-O c5 18. Ne5 Nxe5 19. dxe5 Ng4 20. Ne2 Qc7 21.
Nf4 Ba6 22. Rd1 c4 23. Ba4 Rd8 24. h3 Nh6 25. Rxd8+ Qxd8 26. Qd1 Qxd1+ 27. Bxd1
c3 28. Bc2 Nf5 29. Nd3 Bxd3 30. Bxd3 Ne7 31. Kf1 Nc6 32. f4 Na5 33. Bc2 Nb7 34.
Ke2 Nc5 35. Kd1 h6 36. Kc1 Kf8 37. g4 g5 38. Kd1 Ke7 39. Ke2 f6 40. Kf3 fxe5
41. fxe5 Kd8 42. e4 Nd7 43. Ke3 Nxe5 44. Kd4 Nc6+ 45. Kc4 Kc7 46. Bxc3 Bxc3 47.
Kxc3 Kd6 48. Bd1 Ke5 49. Kd3 Kf4 50. Ba4 Ne5+ 51. Kd4 Nf3+ 52. Kc5 e5 53. Kd5
Ng1 54. Ke6 Nxh3 55. Kf6 Nf2 56. Kg6 Kxe4 57. Kxh6 Kf4 58. Bc6 e4 59. Kh5 e3
60. Bb5 Nxg4 61. Be2 Nf6+ 62. Kg6 Ne4 0-1

[Event "7eme Open de Saint-Chely d'Aubrac"]
[Site "Saint-Chely d'Aubrac (12)"]
[Date "2007.07.19"]
[Round "7.8"]
[White "De Biasi, Robert"]
[Black "Chamba, Antoine"]
[Result "0-1"]
[WhiteElo "1825"]
[BlackElo "2091"]
[PlyCount "62"]
[EventDate "2007.??.??"]

1. Nf3 Nf6 2. g3 g6 3. Bg2 Bg7 4. d3 O-O 5. O-O c6 6. Nbd2 d6 7. e4 e5 8. Rb1
h6 9. b3 Nh7 10. Bb2 f5 11. exf5 gxf5 12. Nc4 Be6 13. Qd2 Qd7 14. Rfe1 b5 15.
Ncxe5 dxe5 16. Bxe5 Nf6 (16... Bxe5 17. Nxe5 Qg7 (17... Qd6 18. Qxh6) 18. Nxc6
Nxc6 19. Bxc6 Rad8) 17. Re2 Kh7 18. Rbe1 Bd5 19. Bf4 Rf7 20. Ne5 Qb7 21. Nxf7
Qxf7 22. Bxh6 Bxh6 23. f4 Bf8 24. c4 Bxg2 25. Kxg2 Nbd7 26. cxb5 Qd5+ 27. Kg1
Bc5+ 28. Rf2 Ng4 29. Re7+ Bxe7 30. d4 Nxf2 31. Qxf2 Bf6 0-1

[Event "7eme Open de Saint-Chely d'Aubrac"]
[Site "Saint-Chely d'Aubrac (12)"]
[Date "2007.07.19"]
[Round "7.11"]
[White "Boulier, Rene"]
[Black "Saucey, Capucine"]
[Result "1/2-1/2"]
[WhiteElo "1971"]
[BlackElo "1629"]
[PlyCount "48"]
[EventDate "2007.??.??"]

1. e4 e5 2. Nf3 Nc6 3. Bc4 Nf6 4. d4 exd4 5. e5 d5 6. exd6 Bxd6 7. O-O O-O 8.
Bg5 Bg4 9. h3 Bh5 10. Nbd2 Ne5 11. g4 Nxc4 12. Nxc4 Bg6 13. Nxd4 Bc5 14. c3 Qd5
15. Bxf6 Qxc4 16. Be5 f6 17. Bf4 Bxd4 18. cxd4 Bc2 19. Qd2 Rad8 20. Be3 Be4 21.
Rac1 Qd5 22. Qc3 c6 23. Qc5 b6 24. Qxd5+ Bxd5 1/2-1/2

[Event "7eme Open de Saint-Chely d'Aubrac"]
[Site "Saint-Chely d'Aubrac (12)"]
[Date "2007.07.19"]
[Round "7.12"]
[White "Cuq, Christian"]
[Black "Jester, Christian"]
[Result "0-1"]
[WhiteElo "1720"]
[BlackElo "1871"]
[PlyCount "84"]
[EventDate "2007.??.??"]

1. e4 c6 2. Nf3 d5 3. exd5 cxd5 4. d4 Bf5 5. c3 Nf6 6. Bf4 Nc6 7. Bb5 a6 8.
Bxc6+ bxc6 9. O-O e6 10. Ne5 Qb6 11. Qb3 Rb8 12. Nxc6 Qxb3 13. axb3 Rb6 14. Nb8
Nh5 15. Bc7 Rb7 16. Nxa6 Bd3 17. Be5 Bxf1 18. Kxf1 f6 19. Nc5 Bxc5 20. Ra8+ Kf7
21. Rxh8 Be7 22. g4 fxe5 23. gxh5 exd4 24. Nd2 dxc3 25. bxc3 Bg5 26. Nf3 Bf4
27. b4 Rc7 28. Ra8 Rxc3 29. Ra7+ Kf6 30. Kg2 e5 31. Ra6+ Kf5 32. Ra7 Kf6 33.
Ra6+ Kf5 34. Ra7 d4 35. Rxg7 h6 36. h3 Ke4 37. Nh4 d3 38. Rd7 Rc2 39. Ng6 Be3
40. Nxe5 Kxe5 41. Re7+ Kd4 42. Rxe3 d2 0-1

[Event "7eme Open de Saint-Chely d'Aubrac"]
[Site "Saint-Chely d'Aubrac (12)"]
[Date "2007.07.19"]
[Round "7.13"]
[White "Sidibe, Malika"]
[Black "Desboeufs, Claude"]
[Result "1-0"]
[WhiteElo "1868"]
[BlackElo "1660"]
[PlyCount "61"]
[EventDate "2007.??.??"]

1. e4 d6 2. d4 Nf6 3. Nc3 g6 4. f3 Bg7 5. Be3 O-O 6. Qd2 Nc6 7. Bc4 e5 8. Nge2
Bd7 9. O-O-O a6 10. Bh6 b5 11. Bb3 Qe8 12. h4 Na5 13. h5 Nxb3+ 14. axb3 Nxh5
15. Rxh5 f6 16. Rh2 Rf7 17. Rdh1 Bh8 18. Be3 Rc8 19. Bf2 c6 20. Qh6 Rg7 21. Qd2
Qd8 22. f4 exd4 23. Qxd4 Be6 24. e5 fxe5 25. fxe5 Rd7 26. Qe3 Bxe5 27. Bg3 Bxg3
28. Qxe6+ Rf7 29. Rxh7 Qg5+ 30. Kb1 Be5 31. Qxf7# 1-0

[Event "7eme Open de Saint-Chely d'Aubrac"]
[Site "Saint-Chely d'Aubrac (12)"]
[Date "2007.07.19"]
[Round "7.14"]
[White "Mourgues, Joelle"]
[Black "Messinger, Karl"]
[Result "1-0"]
[WhiteElo "1798"]
[BlackElo "1640"]
[PlyCount "39"]
[EventDate "2007.??.??"]

1. Nf3 Nf6 2. g3 g6 3. Bg2 Bg7 4. d3 d6 5. c3 O-O 6. O-O e5 7. e4 c6 8. Nbd2 d5
9. Nxe5 dxe4 10. d4 Re8 11. Qb3 Qd5 12. Re1 Bf5 13. Qxb7 Nbd7 14. Qxc6 Nxe5 15.
Qxd5 Nxd5 16. dxe5 Rxe5 17. Nxe4 Rae8 18. f3 Bc8 19. Bd2 Bf5 20. Nd6 1-0

[Event "7eme Open de Saint-Chely d'Aubrac"]
[Site "Saint-Chely d'Aubrac (12)"]
[Date "2007.07.19"]
[Round "7.15"]
[White "Epstein, Raphael"]
[Black "Gazel, Bruno"]
[Result "1-0"]
[WhiteElo "1771"]
[BlackElo "1630"]
[PlyCount "81"]
[EventDate "2007.??.??"]

1. c4 e5 2. Nc3 Nf6 3. g3 d5 4. cxd5 Nxd5 5. Bg2 Nxc3 6. bxc3 Bd6 7. Rb1 c6 8.
Nh3 O-O 9. O-O Qc7 10. Ng5 h6 11. Ne4 Bf5 12. d3 Rd8 13. Nxd6 Rxd6 14. Qb3 Rd7
15. a4 Na6 16. Ba3 Be6 17. c4 Qc8 18. Qc3 f6 19. f4 exf4 20. Rxf4 Nc7 21. Be4
Ne8 22. Bg6 Bf7 23. Bf5 Rb8 24. e4 Qd8 25. Bxd7 Qxd7 26. d4 Nc7 27. d5 cxd5 28.
cxd5 Ne8 29. Qd4 b6 30. Rbf1 Rc8 31. Rc1 Rxc1+ 32. Bxc1 Qc7 33. Ba3 Qd7 34. d6
Be6 35. e5 fxe5 36. Qxe5 Nf6 37. Qc3 Ne8 38. Qf3 Bf7 39. Rxf7 Qxf7 40. Qxf7+
Kxf7 41. d7 1-0

[Event "7eme Open de Saint-Chely d'Aubrac"]
[Site "Saint-Chely d'Aubrac (12)"]
[Date "2007.07.19"]
[Round "7.16"]
[White "Wavresky, Andre"]
[Black "Tournier, Jean-Pascal"]
[Result "0-1"]
[WhiteElo "1590"]
[BlackElo "1888"]
[PlyCount "72"]
[EventDate "2007.??.??"]

1. e4 e5 2. Nf3 Nc6 3. Bb5 a6 4. Bxc6 dxc6 5. O-O Bg4 6. h3 h5 7. d3 Bd6 8.
Nbd2 Be6 9. Re1 f6 10. Nf1 c5 11. Ne3 g5 12. Nf5 Bxf5 13. exf5 Qd7 14. d4 O-O-O
15. dxc5 Bxc5 16. Qxd7+ Rxd7 17. Be3 Be7 18. Rad1 Nh6 19. Rxd7 Kxd7 20. h4 g4
21. Bxh6 gxf3 22. Be3 fxg2 23. Kxg2 c5 24. Rg1 Rg8+ 25. Kf1 Rxg1+ 26. Kxg1 c4
27. f3 Kc6 28. Kf1 Kd5 29. c3 Bc5 30. Ke2 Bxe3 31. Kxe3 b5 32. f4 $2 exf4+ 33.
Kxf4 a5 34. b3 Kc5 35. Ke4 cxb3 36. axb3 a4 0-1

[Event "7eme Open de Saint-Chely d'Aubrac"]
[Site "Saint-Chely d'Aubrac (12)"]
[Date "2007.07.19"]
[Round "7.17"]
[White "Martinez, Loic"]
[Black "Viennot, Kevin"]
[Result "1-0"]
[WhiteElo "1880"]
[BlackElo "1760"]
[PlyCount "51"]
[EventDate "2007.??.??"]

1. e4 c5 2. Nf3 e6 3. d4 cxd4 4. Nxd4 Nc6 5. g3 Nf6 6. Bg2 Bc5 7. Nb3 Be7 8.
O-O O-O 9. Kh1 d6 10. Qe2 Qc7 11. f4 a6 12. a4 Rb8 13. Be3 b6 14. Nc3 Bb7 15.
Bg1 Nd7 16. Rad1 Rfd8 17. g4 Bf6 18. Rd3 h6 19. Rh3 Re8 20. g5 hxg5 21. Qh5 Kf8
22. fxg5 g6 23. Qf3 Nce5 24. gxf6 Kg8 25. Qg3 Qd8 26. Qh4 1-0

[Event "7eme Open de Saint-Chely d'Aubrac"]
[Site "Saint-Chely d'Aubrac (12)"]
[Date "2007.07.19"]
[Round "7.18"]
[White "Viennot, Dylan"]
[Black "Tassetti, Florent"]
[Result "1-0"]
[WhiteElo "1840"]
[BlackElo "1560"]
[PlyCount "117"]
[EventDate "2007.??.??"]

1. e4 e5 2. Nf3 Nc6 3. Bb5 a6 4. Ba4 b5 5. Bb3 Bc5 6. c3 d6 7. h3 Nf6 8. O-O
O-O 9. Re1 Bb7 10. d3 h6 11. Nbd2 Re8 12. Nf1 d5 13. Be3 d4 14. cxd4 Nxd4 15.
Nxd4 Bxd4 16. Bxd4 Qxd4 17. Qc2 c5 18. Ng3 g6 19. Rad1 Rad8 20. Qe2 a5 21. Qf3
Kg7 22. Rd2 Qb4 23. Ree2 Rd4 24. Qe3 Red8 25. Nf1 c4 26. dxc4 a4 27. Bd1 Qxc4
28. b3 Qb4 29. f3 Rxd2 30. Rxd2 Rxd2 31. Qxd2 Qxd2 32. Nxd2 axb3 33. Bxb3 b4
34. Nc4 Nd7 35. Nd6 Nc5 36. Bxf7 Ba6 37. Kf2 Nb7 38. Bc4 Bxc4 39. Nxc4 Kf6 40.
Nb6 b3 41. axb3 Nc5 42. b4 Nd3+ 43. Ke3 Nxb4 44. Nd5+ Nxd5+ 45. exd5 Kf5 46. h4
h5 47. g4+ hxg4 48. fxg4+ Kxg4 49. d6 Kxh4 50. d7 g5 51. d8=Q Kh5 52. Qg8 g4
53. Qg7 Kh4 54. Kf2 g3+ 55. Qxg3+ Kh5 56. Kf3 e4+ 57. Kf4 e3 58. Qg7 e2 59.
Qh7# 1-0

[Event "7eme Open de Saint-Chely d'Aubrac"]
[Site "Saint-Chely d'Aubrac (12)"]
[Date "2007.07.19"]
[Round "7.19"]
[White "Lemaire, Olivier"]
[Black "Mayet, Lucas"]
[Result "1-0"]
[WhiteElo "1578"]
[BlackElo "1741"]
[PlyCount "61"]
[EventDate "2007.??.??"]

1. d4 Nf6 2. Bg5 e6 3. e4 Be7 4. Bd3 d5 5. Bxf6 Bxf6 6. e5 Be7 7. Nd2 Nd7 8.
Qg4 O-O 9. f4 f5 10. Qf3 Rf7 11. Ne2 c5 12. c3 Qb6 13. Rb1 Nf8 14. O-O cxd4 15.
Nxd4 Bc5 16. N2b3 Bd7 17. Nxc5 Qxc5 18. Kh1 Rc8 19. g4 fxg4 20. Qxg4 Qe7 21.
Rf3 g6 22. Rg1 Rg7 23. h4 Be8 24. Rfg3 Rc7 25. Qh3 Qf7 26. f5 Kh8 27. f6 Rg8
28. h5 g5 29. Rxg5 Rxg5 30. Rxg5 h6 31. Rg7 1-0

[Event "7eme Open de Saint-Chely d'Aubrac"]
[Site "Saint-Chely d'Aubrac (12)"]
[Date "2007.07.19"]
[Round "7.20"]
[White "Godard, Steven"]
[Black "Luc, Rene"]
[Result "0-1"]
[WhiteElo "1499"]
[BlackElo "1710"]
[PlyCount "54"]
[EventDate "2007.??.??"]

1. e4 c5 2. Nf3 d6 3. d4 cxd4 4. Nxd4 Nf6 5. Nc3 g6 6. Be3 Bg7 7. Be2 O-O 8.
Qd2 Bd7 9. Bh6 Bxh6 10. Qxh6 Nc6 11. O-O-O Rc8 12. h4 Ne5 13. f3 Rxc3 14. bxc3
Qa5 15. Kd2 Rc8 16. Qe3 a6 17. Nb3 Qc7 18. Ke1 Nc4 19. Bxc4 Qxc4 20. Kf2 Qc7
21. Rd2 e6 22. Rhd1 d5 23. e5 Ne8 24. Rd4 f6 25. exf6 Nxf6 26. R4d2 Rf8 27. Nc5
Ng4+ 0-1

[Event "7eme Open de Saint-Chely d'Aubrac"]
[Site "Saint-Chely d'Aubrac (12)"]
[Date "2007.07.19"]
[Round "7.21"]
[White "Le Picard, Christopher"]
[Black "Jaafar, Nacer"]
[Result "1-0"]
[WhiteElo "1560"]
[BlackElo "1460"]
[PlyCount "83"]
[EventDate "2007.??.??"]

1. d4 d5 2. c4 e6 3. Nc3 Nf6 4. Bg5 Bb4 5. Nf3 O-O 6. e3 Bd7 7. Rc1 Nc6 8. Bd3
Rc8 9. O-O Bxc3 10. bxc3 h6 11. Bh4 Qe7 12. Ne5 Rb8 13. Bxf6 gxf6 14. Qg4+ Kh8
15. Qh5 f5 16. Qxh6+ Kg8 17. f4 f6 18. Rf3 Nxe5 19. fxe5 Qh7 20. Qf4 fxe5 21.
Rg3+ Kf7 22. Qxe5 c6 23. Qd6 Rfd8 24. cxd5 cxd5 25. Qc7 a6 26. Rf1 Qh6 27. Bxf5
exf5 28. Rxf5+ Ke7 29. Qe5+ Be6 30. Rg7+ Ke8 31. Rff7 Rd6 32. Re7+ Kf8 33. h3
Rbd8 34. Rxb7 R8d7 35. Rb8+ Rd8 36. Qxd6+ Kxg7 37. Qe7+ Bf7 38. Rxd8 Qg6 39.
Rd7 Qb1+ 40. Kh2 Qb8+ 41. Qe5+ Qxe5+ 42. dxe5 1-0

[Event "7eme Open de Saint-Chely d'Aubrac"]
[Site "Saint-Chely d'Aubrac (12)"]
[Date "2007.07.19"]
[Round "7.22"]
[White "Manser, Luca"]
[Black "Heudre, Clement"]
[Result "1/2-1/2"]
[WhiteElo "1590"]
[BlackElo "1420"]
[PlyCount "31"]
[EventDate "2007.??.??"]

1. e4 e5 2. Nf3 Nc6 3. Bc4 Bc5 4. c3 d6 5. d4 Bb6 6. h3 Nf6 7. d5 Ne7 8. Be2
Bd7 9. Nbd2 Ng6 10. b3 Nf4 11. O-O Qc8 12. Bb2 Bxh3 13. gxh3 Qxh3 14. Ne1 Nxe2+
15. Qxe2 Ng4 16. Ndf3 1/2-1/2

[Event "7eme Open de Saint-Chely d'Aubrac"]
[Site "Saint-Chely d'Aubrac (12)"]
[Date "2007.07.19"]
[Round "7.23"]
[White "Meyer, Bernard"]
[Black "Marie, Olivier"]
[Result "0-1"]
[WhiteElo "1410"]
[BlackElo "1550"]
[PlyCount "84"]
[EventDate "2007.??.??"]

1. e4 Nf6 2. Nc3 e5 3. Nf3 Nc6 4. Bb5 Bd6 5. O-O O-O 6. Bxc6 bxc6 7. d4 Re8 8.
Re1 exd4 9. Qxd4 c5 10. Qd1 Bb7 11. Bg5 h6 12. Bh4 g5 13. Nxg5 hxg5 14. Bxg5
Qe7 15. Qe2 Qe6 16. f3 Nh7 17. Bh4 Qh6 18. g3 Re5 19. Qf2 Kh8 20. Nb5 Rg8 21.
Nxd6 cxd6 22. Kf1 Ba6+ 23. Re2 Qd2 24. Rae1 Qxc2 25. Kg2 Bxe2 26. Rxe2 Qc4 27.
Qe3 Rh5 28. Kf2 Qd4 29. Qxd4+ cxd4 30. Rd2 Rb8 31. b3 Ra5 32. Be7 d5 33. Bd6
Rb7 34. b4 Ra3 35. Rxd4 Rxa2+ 36. Ke3 dxe4 37. Rxe4 Rxh2 38. Re8+ Kg7 39. Be5+
f6 40. Re7+ Kg8 41. Bd6 Rh1 42. f4 Re1+ 0-1

[Event "7eme Open de Saint-Chely d'Aubrac"]
[Site "Saint-Chely d'Aubrac (12)"]
[Date "2007.07.19"]
[Round "7.24"]
[White "Schneider, Alec"]
[Black "Veys, Vincent"]
[Result "1/2-1/2"]
[WhiteElo "1199"]
[BlackElo "1490"]
[PlyCount "44"]
[EventDate "2007.??.??"]

1. d4 d5 2. c4 e6 3. Nc3 Nf6 4. Bg5 Be7 5. Nf3 O-O 6. e3 c6 7. Be2 b6 8. O-O c5
9. b3 Nc6 10. Qd2 Nd7 11. Bxe7 Qxe7 12. Rfd1 Bb7 13. cxd5 exd5 14. Nxd5 Qd6 15.
Nc3 Qg6 16. Nd5 Rae8 17. Qd3 Qxd3 18. Bxd3 cxd4 19. exd4 Nxd4 20. Nxd4 Bxd5 21.
Bb5 Re7 22. Nf5 Re5 1/2-1/2

[Event "7eme Open de Saint-Chely d'Aubrac"]
[Site "Saint-Chely d'Aubrac (12)"]
[Date "2007.07.19"]
[Round "7.25"]
[White "Ruetsch, Johan"]
[Black "Saucey, Milena"]
[Result "1/2-1/2"]
[WhiteElo "1590"]
[BlackElo "1380"]
[PlyCount "79"]
[EventDate "2007.??.??"]

1. e4 e5 2. Nf3 Nc6 3. Bb5 a6 4. Ba4 b5 5. Bb3 Nf6 6. d3 h6 7. O-O Bc5 8. Nc3
d6 9. h3 O-O 10. Nd5 Be6 11. Nxf6+ Qxf6 12. Bxe6 Qxe6 13. c3 Bb6 14. Re1 Qf6
15. Be3 Ba7 16. Bxa7 Nxa7 17. d4 Rad8 18. Qc2 c6 19. Rad1 Rfe8 20. Rd2 Qe6 21.
Qb1 f6 22. Nh4 d5 23. exd5 Qxd5 24. Rde2 Re6 25. Qg6 Qxa2 26. Nf5 Rd7 27. dxe5
fxe5 28. Nxh6+ Kf8 29. Qf5+ Ke8 30. Rxe5 Rxe5 31. Rxe5+ Kd8 32. Qf8+ Kc7 33.
Nf5 Qxb2 34. Re7 Qc1+ 35. Kh2 Qf4+ 36. Kg1 Qc1+ 37. Kh2 Qf4+ 38. g3 Qxf2+ 39.
Kh1 Qf1+ 40. Kh2 1/2-1/2

[Event "7eme Open de Saint-Chely d'Aubrac"]
[Site "Saint-Chely d'Aubrac (12)"]
[Date "2007.07.19"]
[Round "7.27"]
[White "Schneider, Martin"]
[Black "Vernet, Pierrick"]
[Result "0-1"]
[WhiteElo "1199"]
[BlackElo "1199"]
[PlyCount "88"]
[EventDate "2007.??.??"]

1. e4 e5 2. d3 Nf6 3. Nf3 Bc5 4. Be2 d5 5. Nbd2 Ng4 6. O-O O-O 7. h3 Bxf2+ 8.
Kh1 Ne3 9. Nxe5 Nxd1 10. Bxd1 Qh4 11. Nef3 Qg3 12. Be2 Bxh3 13. gxh3 Qxh3+ 14.
Nh2 Qg3 15. Ndf3 f5 16. e5 Nc6 17. d4 Rfe8 18. Bd2 Re6 19. Be1 Bxe1 20. Rfxe1
Rg6 21. Rg1 Qf2 22. Rae1 Rh6 23. c3 Re8 24. a3 Ree6 25. b4 Rh5 26. Rgf1 Qg3 27.
Rg1 Qf4 28. Rg2 Reh6 29. Kg1 Qe3+ 30. Kh1 Qe4 31. Kg1 Ne7 32. Bf1 Qf4 33. Ree2
Ng6 34. a4 Nh4 35. e6 Nxf3+ 36. Nxf3 Qxf3 37. Rh2 Qg3+ 38. Reg2 Qe3+ 39. Kh1
Qf3 40. Rxh5 Rxh5+ 41. Kg1 Qe3+ 42. Rf2 Rh1+ 43. Kxh1 Qxf2 44. e7 Kf7 0-1

[Event "7eme Open de Saint-Chely d'Aubrac"]
[Site "Saint-Chely d'Aubrac (12)"]
[Date "2007.07.20"]
[Round "8.2"]
[White "Lemaire, Matthieu"]
[Black "Saucey, Michel"]
[Result "0-1"]
[WhiteElo "1934"]
[BlackElo "2347"]
[PlyCount "76"]
[EventDate "2007.??.??"]

1. e4 c5 2. c3 g6 3. d4 cxd4 4. cxd4 d5 5. exd5 Nf6 6. Nf3 Bg7 7. Be2 Nxd5 8.
Nc3 Nxc3 9. bxc3 O-O 10. O-O Nc6 11. Bf4 Bf5 12. Qb3 b6 13. Rfe1 Be6 14. Qa4
Bd7 15. Qa3 e6 16. Rad1 Re8 17. Ba6 Bf8 18. Qc1 Na5 19. Ne5 Ba4 20. Rd2 b5 21.
Nc6 Nxc6 22. Bb7 Na5 23. Bxa8 Qxa8 24. Rd3 Qd5 25. Bh6 Bd6 26. Rh3 Nc4 27. Bg5
b4 28. Bf6 Bc6 29. f3 Qf5 30. Bh4 Bf4 31. Qa1 Be3+ 32. Bf2 Bxf2+ 33. Kxf2 Qc2+
34. Re2 Qxc3 35. Qxc3 bxc3 36. Rc2 Nb2 37. f4 Be4 38. Re2 c2 0-1

[Event "7eme Open de Saint-Chely d'Aubrac"]
[Site "Saint-Chely d'Aubrac (12)"]
[Date "2007.07.20"]
[Round "8.3"]
[White "Bonneville, Jean-Paul"]
[Black "Desboeufs, Alexandre"]
[Result "1-0"]
[WhiteElo "2048"]
[BlackElo "2065"]
[PlyCount "61"]
[EventDate "2007.??.??"]

1. d4 e6 2. c4 d5 3. Nc3 Be7 4. Nf3 Nf6 5. Bg5 O-O 6. e3 Nbd7 7. Rc1 dxc4 8.
Bxc4 a6 9. a4 c5 10. O-O cxd4 11. exd4 Nb6 12. Bb3 Bd7 13. Ne5 Bc6 14. Qd3 Nbd5
15. Rfd1 Rc8 16. Nxc6 Rxc6 17. Nxd5 Nxd5 18. Rxc6 Nb4 19. Bxe7 Qxe7 20. Rxe6
Qxe6 21. d5 Qd6 22. Qg3 Rd8 23. Qxd6 Rxd6 24. a5 b6 25. axb6 Rxb6 26. d6 Nc6
27. d7 Rb8 28. Ba4 Nd8 29. Rc1 Rxb2 30. h3 Kf8 31. Re1 1-0

[Event "7eme Open de Saint-Chely d'Aubrac"]
[Site "Saint-Chely d'Aubrac (12)"]
[Date "2007.07.20"]
[Round "8.4"]
[White "Deschler, Fabrice"]
[Black "Duffau, Pascal"]
[Result "1-0"]
[WhiteElo "2151"]
[BlackElo "2011"]
[PlyCount "81"]
[EventDate "2007.??.??"]

1. d4 Nf6 2. c4 e6 3. g3 d5 4. Bg2 Be7 5. Nf3 O-O 6. O-O b6 7. Ne5 Bb7 8. Qc2
Na6 9. Rd1 c5 10. dxc5 Nxc5 11. cxd5 exd5 12. b4 Nce4 13. Qb2 Rc8 14. Qd4 Re8
15. Bb2 Bd6 16. f4 Qe7 17. a3 Rc2 18. Bf3 Rec8 19. Nd2 Nxd2 20. Rxd2 a5 21.
Rxc2 Rxc2 22. Nd3 Qc7 23. Rc1 Rxc1+ 24. Nxc1 axb4 25. axb4 Bf8 26. Nd3 Ba6 27.
Bxd5 Nxd5 28. Qxd5 Bb7 29. Qd4 Qc6 30. Kf2 Qg2+ 31. Ke3 Qxh2 32. Kd2 b5 33. Qe3
Bd5 34. Bc3 Qh6 35. Qe8 Bc6 36. Qb8 Qe6 37. Qe5 Qa2+ 38. Ke3 Qb1 39. Bd4 Qg1+
40. Kd2 Qxg3 41. Qb8 1-0

[Event "7eme Open de Saint-Chely d'Aubrac"]
[Site "Saint-Chely d'Aubrac (12)"]
[Date "2007.07.20"]
[Round "8.5"]
[White "Nass, Emile"]
[Black "Baeumlin, Francois"]
[Result "1/2-1/2"]
[WhiteElo "2095"]
[BlackElo "2018"]
[PlyCount "29"]
[EventDate "2007.??.??"]

1. Nf3 d5 2. d4 Nf6 3. c4 e6 4. Nc3 Bb4 5. Bg5 O-O 6. e3 h6 7. Bh4 c5 8. cxd5
Qxd5 9. Bxf6 gxf6 10. Bd3 cxd4 11. exd4 Nc6 12. O-O Qh5 13. Qb3 Rd8 14. a3 Bd6
15. Rad1 1/2-1/2